Nonlinear oscillations in radio engineering / (Record no. 133905)
[ view plain ]
| 000 -LEADER | |
|---|---|
| fixed length control field | 00762nam a22002417a 4500 |
| 005 - DATE AND TIME OF LATEST TRANSACTION | |
| control field | 20170124110217.0 |
| 010 ## - LIBRARY OF CONGRESS CONTROL NUMBER | |
| LC control number | 959029 |
| 020 ## - INTERNATIONAL STANDARD BOOK NUMBER | |
| Terms of availability | 00.00 |
| 035 ## - SYSTEM CONTROL NUMBER | |
| System control number | 959029 |
| 037 ## - SOURCE OF ACQUISITION | |
| Source of stock number/acquisition | Cen Lib/Ret |
| 040 ## - CATALOGING SOURCE | |
| Original cataloging agency | DPL |
| Language of cataloging | EN |
| 082 ## - DEWEY DECIMAL CLASSIFICATION NUMBER | |
| Classification number | 621.384 |
| Item number | KON |
| 100 ## - MAIN ENTRY--PERSONAL NAME | |
| Personal name | Kontorovich, M. |
| 9 (RLIN) | 39224 |
| 245 ## - TITLE STATEMENT | |
| Title | Nonlinear oscillations in radio engineering / |
| Statement of responsibility, etc | by M. Kontorovich; translated from the russian by A. Petrosyan |
| 260 ## - PUBLICATION, DISTRIBUTION, ETC. (IMPRINT) | |
| Place of publication, distribution, etc | Moscow |
| Name of publisher, distributor, etc | Mir Publishers |
| Date of publication, distribution, etc | 1976 |
| 270 ## - ADDRESS | |
| City | Moscow |
| 300 ## - PHYSICAL DESCRIPTION | |
| Extent | 324p. |
| Dimensions | 19cm(Hb) |
| 500 ## - GENERAL NOTE | |
| General note | Includes appendix, bibliographical references and index |
| 650 ## - SUBJECT ADDED ENTRY--TOPICAL TERM | |
| Topical term or geographic name as entry element | Radio engineering |
| 9 (RLIN) | 39225 |
| 650 ## - SUBJECT ADDED ENTRY--TOPICAL TERM | |
| Topical term or geographic name as entry element | Electrical networks |
| 9 (RLIN) | 39226 |
| 700 ## - ADDED ENTRY--PERSONAL NAME | |
| Personal name | Petrosyan, A. |
| 9 (RLIN) | 101663 |
| 942 ## - ADDED ENTRY ELEMENTS (KOHA) | |
| Source of classification or shelving scheme | Dewey Decimal Classification |
| Koha item type | English Books |
| Classification part | 621.384 |
| Call number suffix | KON |
| Withdrawn status | Lost status | Damaged status | Not for loan | Home library | Current library | Date acquired | Source of acquisition | Cost, normal purchase price | Total Checkouts | Full call number | Barcode | Date last seen | Copy number | Cost, replacement price | Price effective from | Koha item type | Public note |
|---|---|---|---|---|---|---|---|---|---|---|---|---|---|---|---|---|---|
| Written off | Central Library | Central Library | 28/07/2015 | Cen Lib/Ret | 0.00 | 621.384 KON | 959029 | 28/07/2015 | 1 | 0.00 | 28/07/2015 | English Books | Written off on approval by DLB (By Circulation); dtd 15-06-2023 |
